[Event "EYCC 2024 - O18"]
[Site "?"]
[Date "2024.08.30"]
[Round "8.6"]
[White "Kocsmar, Akos"]
[Black "Babula, Vlastimil"]
[Result "1/2-1/2"]
[BlackElo "2326"]
[WhiteElo "2187"]
[LiveChessVersion "1.4.8"]

1. d4 {[%clk 1:30:58]} Nf6 {[%clk 1:30:55]} 2. c4 {[%clk 1:31:23]} g6
{[%clk 1:31:18]} 3. Nc3 {[%clk 1:31:46]} d5 {[%clk 1:31:44]} 4. Nf3
{[%clk 1:32:10]} Bg7 {[%clk 1:32:08]} 5. h4 {[%clk 1:32:37]} dxc4
{[%clk 1:21:22]} 6. e4 {[%clk 1:33:00]} c5 {[%clk 1:14:33]} 7. d5
{[%clk 1:33:09]} O-O {[%clk 1:10:49]} 8. Bxc4 {[%clk 1:33:09]} Bg4
{[%clk 1:04:26]} 9. Qc2 {[%clk 1:20:26]} Nbd7 {[%clk 1:02:39]} 10. Nh2
{[%clk 1:09:26]} Ne5 {[%clk 1:01:07]} 11. Nxg4 {[%clk 1:07:53]} Nxc4
{[%clk 0:51:53]} 12. Nxf6+ {[%clk 0:59:42]} Bxf6 {[%clk 0:50:33]} 13. h5
{[%clk 0:51:31]} Qd7 {[%clk 0:41:36]} 14. Qd3 {[%clk 0:36:13]} Ne5
{[%clk 0:39:25]} 15. Qh3 {[%clk 0:36:06]} Qxh3 {[%clk 0:37:27]} 16. Rxh3
{[%clk 0:36:21]} c4 {[%clk 0:35:13]} 17. Ke2 {[%clk 0:30:17]} Nd3
{[%clk 0:34:30]} 18. Rb1 {[%clk 0:28:11]} Rfc8 {[%clk 0:27:38]} 19. Nd1
{[%clk 0:23:38]} b5 {[%clk 0:25:22]} 20. Bd2 {[%clk 0:23:51]} a5 {[%clk 0:18:16]}
21. b3 {[%clk 0:20:27]} Nc5 {[%clk 0:16:31]} 22. hxg6 {[%clk 0:19:53]} fxg6
{[%clk 0:13:38]} 23. bxc4 {[%clk 0:19:58]} bxc4 {[%clk 0:14:06]} 24. Bc3
{[%clk 0:09:53]} Nxe4 {[%clk 0:13:02]} 25. Bxf6 {[%clk 0:09:33]} exf6
{[%clk 0:11:07]} 26. Rb7 {[%clk 0:09:59]} h5 {[%clk 0:10:11]} 27. Nc3
{[%clk 0:10:10]} Nd6 {[%clk 0:08:30]} 28. Rb6 {[%clk 0:09:42]} Rd8
{[%clk 0:08:47]} 29. Re3 {[%clk 0:10:07]} Rab8 {[%clk 0:03:40]} 30. Rxb8
{[%clk 0:10:18]} Rxb8 {[%clk 0:04:09]} 31. Re6 {[%clk 0:10:40]} Rb2+
{[%clk 0:03:46]} 32. Kd1 {[%clk 0:10:48]} Nf5 {[%clk 0:02:59]} 33. Ne4
{[%clk 0:09:46]} c3 {[%clk 0:00:55]} 34. Nxc3 {[%clk 0:09:12]} Rxf2
{[%clk 0:01:12]} 35. d6 {[%clk 0:09:16]} Nd4 {[%clk 0:00:32]} 36. Re8+
{[%clk 0:09:22]} Kf7 {[%clk 0:00:33]} 37. d7 {[%clk 0:09:43]} Nc6
{[%clk 0:01:02]} 38. Ne4 {[%clk 0:08:10]} Rf4 {[%clk 0:00:49]} 39. Nd6+
{[%clk 0:06:16]} Kg7 {[%clk 0:01:18]} 40. Re7+ {[%clk 0:06:28]} Kf8
{[%clk 0:00:45]} 41. Re8+ {[%clk 0:06:13]} Kg7 {[%clk 0:01:02]} 42. Re7+
{[%clk 0:06:38]} Kf8 {[%clk 0:01:24]} 1/2-1/2

[Event "EYCC 2024 - O18"]
[Site "?"]
[Date "2024.08.30"]
[Round "8.15"]
[White "Maldonado Mena, German"]
[Black "Hercegovac, Neven"]
[Result "0-1"]
[BlackElo "2278"]
[WhiteElo "2073"]
[LiveChessVersion "1.4.8"]

1. d4 {[%clk 1:30:12]} Nf6 {[%clk 1:30:55]} 2. c4 {[%clk 1:30:33]} g6
{[%clk 1:31:20]} 3. Nc3 {[%clk 1:30:58]} Bg7 {[%clk 1:31:46]} 4. e4
{[%clk 1:31:21]} d6 {[%clk 1:32:12]} 5. h3 {[%clk 1:31:46]} O-O {[%clk 1:32:37]}
6. Be3 {[%clk 1:32:12]} Nbd7 {[%clk 1:33:00]} 7. g4 {[%clk 1:30:25]} a6
{[%clk 1:33:25]} 8. f4 {[%clk 1:26:09]} c5 {[%clk 1:33:45]} 9. dxc5
{[%clk 1:24:06]} Nxc5 {[%clk 1:29:33]} 10. Bxc5 {[%clk 1:23:38]} dxc5
{[%clk 1:30:01]} 11. Qxd8 {[%clk 1:23:59]} Rxd8 {[%clk 1:30:28]} 12. e5
{[%clk 1:24:24]} Nd7 {[%clk 1:27:18]} 13. Rd1 {[%clk 1:22:21]} g5
{[%clk 1:26:19]} 14. Nf3 {[%clk 1:00:42]} gxf4 {[%clk 1:26:15]} 15. Rh2
{[%clk 1:01:08]} Re8 {[%clk 1:23:26]} 16. Re2 {[%clk 0:55:45]} Nf8
{[%clk 1:17:41]} 17. Nd5 {[%clk 0:55:09]} Ne6 {[%clk 1:18:06]} 18. Nb6
{[%clk 0:55:35]} Rb8 {[%clk 1:17:47]} 19. Re4 {[%clk 0:54:48]} h6
{[%clk 1:15:34]} 20. h4 {[%clk 0:53:42]} Rd8 {[%clk 1:11:45]} 21. Rxd8+
{[%clk 0:53:41]} Nxd8 {[%clk 1:12:13]} 22. Nxc8 {[%clk 0:53:55]} Rxc8
{[%clk 1:12:41]} 23. Rxf4 {[%clk 0:54:14]} Nc6 {[%clk 1:11:44]} 24. Re4
{[%clk 0:53:31]} Rd8 {[%clk 1:08:24]} 25. a3 {[%clk 0:52:02]} e6 {[%clk 1:06:41]}
26. Be2 {[%clk 0:51:36]} b6 {[%clk 1:06:42]} 27. Bd1 {[%clk 0:46:02]} Rb8
{[%clk 1:02:42]} 28. Kd2 {[%clk 0:45:04]} Kf8 {[%clk 1:02:06]} 29. Kc2
{[%clk 0:45:15]} Ke7 {[%clk 1:01:52]} 30. b3 {[%clk 0:45:39]} Rd8
{[%clk 0:51:15]} 31. Be2 {[%clk 0:44:46]} a5 {[%clk 0:51:09]} 32. Bd1
{[%clk 0:43:23]} Kf8 {[%clk 0:47:27]} 33. Be2 {[%clk 0:42:54]} Ra8
{[%clk 0:46:38]} 34. Bd1 {[%clk 0:40:06]} a4 {[%clk 0:43:23]} 35. bxa4
{[%clk 0:40:30]} Rxa4 {[%clk 0:43:46]} 36. Kb3 {[%clk 0:40:53]} b5
{[%clk 0:40:16]} 37. Nd2 {[%clk 0:41:18]} Ra5 {[%clk 0:36:33]} 38. cxb5
{[%clk 0:34:30]} Rxb5+ {[%clk 0:35:29]} 39. Kc4 {[%clk 0:34:52]} Ra5
{[%clk 0:34:49]} 40. Nf3 {[%clk 0:34:01]} Rxa3 {[%clk 0:29:45]} 41. Kxc5
{[%clk 0:34:06]} Ne7 {[%clk 0:29:00]} 42. Rb4 {[%clk 0:31:33]} Ra8
{[%clk 0:29:25]} 43. Rb7 {[%clk 0:21:29]} Rd8 {[%clk 0:27:48]} 44. Bb3
{[%clk 0:19:21]} Ng6 {[%clk 0:25:15]} 45. g5 {[%clk 0:18:42]} h5 {[%clk 0:24:39]}
46. Bc4 {[%clk 0:15:19]} Bxe5 {[%clk 0:23:10]} 47. Nxe5 {[%clk 0:10:49]} Nxe5
{[%clk 0:23:38]} 48. Bb3 {[%clk 0:11:12]} Ng6 {[%clk 0:23:07]} 49. Rb4
{[%clk 0:11:30]} Rd2 {[%clk 0:22:23]} 50. Re4 {[%clk 0:11:15]} Kg7
{[%clk 0:21:07]} 51. Ba4 {[%clk 0:10:52]} Rh2 {[%clk 0:21:03]} 52. Bd1
{[%clk 0:11:17]} Rxh4 {[%clk 0:21:29]} 53. Rxh4 {[%clk 0:11:39]} Nxh4
{[%clk 0:21:57]} 54. Bxh5 {[%clk 0:12:02]} Nf5 {[%clk 0:22:01]} 55. g6
{[%clk 0:11:30]} f6 {[%clk 0:21:51]} 56. Kc4 {[%clk 0:11:54]} Ng3
{[%clk 0:22:15]} 57. Bg4 {[%clk 0:12:13]} f5 {[%clk 0:22:36]} 58. Bf3
{[%clk 0:12:38]} Kxg6 {[%clk 0:23:01]} 59. Kd4 {[%clk 0:13:04]} Kf6
{[%clk 0:23:24]} 60. Ke3 {[%clk 0:13:31]} e5 {[%clk 0:23:40]} 61. Bb7
{[%clk 0:13:44]} Nh5 {[%clk 0:23:42]} 62. Kf3 {[%clk 0:14:05]} Ng7
{[%clk 0:24:03]} 63. Ke3 {[%clk 0:14:22]} Ne6 {[%clk 0:24:29]} 64. Kf3
{[%clk 0:14:38]} e4+ {[%clk 0:24:43]} 65. Kf2 {[%clk 0:14:33]} Ke5
{[%clk 0:25:08]} 66. Bc8 {[%clk 0:14:45]} f4 {[%clk 0:25:32]} 67. Bb7
{[%clk 0:15:07]} Nd4 {[%clk 0:25:32]} 68. Ba6 {[%clk 0:15:15]} e3+
{[%clk 0:25:41]} 69. Ke1 {[%clk 0:15:30]} f3 {[%clk 0:26:05]} 70. Kf1
{[%clk 0:15:55]} Kf4 {[%clk 0:26:05]} 71. Ke1 {[%clk 0:15:43]} 0-1